Sports Quiz

Random Sports Quiz

Every Raw Tag Team Champion Quiz Stats

 Plays Quiz not verified by Sporcle

Score 0/158 Timer 10:00
0 Plays Today
Date Champions % Correct
August 28 2007Matt Hardy
100%
July 26 2009Big Show
100%
February 8 2010Big Show
100%
April 19 2011Big Show
100%
April 19 2011Kane
100%
September 16 2012Daniel Bryan
100%
September 16 2012Kane
100%
January 26 2014Billy Gunn
100%
February 22 2015Cesaro
100%
December 18 2016Cesaro
100%
December 18 2016Sheamus
100%
April 2 2017Jeff Hardy
100%
April 2 2017Matt Hardy
100%
June 4 2017Cesaro
100%
June 4 2017Sheamus
100%
November 6 2017Cesaro
100%
November 6 2017Sheamus
100%
January 28 2018Cesaro
100%
January 28 2018Sheamus
100%
April 27 2018Bray Wyatt
100%
April 27 2018Matt Hardy
100%
September 3 2018Dolph Ziggler
100%
December 10 2018Bobby Roode
100%
September 15 2019Dolph Ziggler
100%
September 15 2019Robert Roode
100%
October 20 2002Chris Benoit
90.9%
November 5 2002Edge
90.9%
November 17 2002Chavo Guerrero
90.9%
November 17 2002Eddie Guerrero
90.9%
May 18 2003Eddie Guerrero
90.9%
September 16 2003Chavo Guerrero
90.9%
September 16 2003Eddie Guerrero
90.9%
February 20 2005Eddie Guerrero
90.9%
June 28 2009Chris Jericho
90.9%
June 28 2009Edge
90.9%
July 26 2009Chris Jericho
90.9%
September 19 2010Cody Rhodes
90.9%
September 19 2010Drew Mcintyre
90.9%
August 22 2011Kofi Kingston
90.9%
April 30 2012Kofi Kingston
90.9%
May 19 2013Seth Rollins
90.9%
October 14 2013Cody Rhodes
90.9%
January 26 2014Road Dogg
90.9%
March 3 2014Jey Uso
90.9%
March 3 2014Jimmy Uso
90.9%
September 21 2014Stardust
90.9%
December 29 2014Jey Uso
90.9%
December 29 2014Jimmy Uso
90.9%
April 26 2015Big E
90.9%
April 26 2015Kofi Kingston
90.9%
April 26 2015Xavier Woods
90.9%
August 23 2015Big E
90.9%
August 23 2015Kofi Kingston
90.9%
Date Champions % Correct
August 23 2015Xavier Woods
90.9%
January 29 2017Karl Anderson
90.9%
August 20 2017Dean Ambrose
90.9%
August 20 2017Seth Rollins
90.9%
December 25 2017Jason Jordan
90.9%
December 25 2017Seth Rollins
90.9%
April 8 2018Braun Strowman
90.9%
September 3 2018Drew Mcintyre
90.9%
October 22 2018Dean Ambrose
90.9%
October 22 2018Seth Rollins
90.9%
July 29 2019Karl Anderson
90.9%
August 19 2019Braun Strowman
90.9%
August 19 2019Seth Rollins
90.9%
October 20 2002Kurt Angle
81.8%
November 5 2002Rey Mysterio
81.8%
February 4 2003Charlie Haas
81.8%
February 4 2003Shelton Benjamin
81.8%
July 1 2003Charlie Haas
81.8%
July 1 2003Shelton Benjamin
81.8%
April 20 2004Charlie Haas
81.8%
June 15 2004Bubba Ray Dudley
81.8%
June 15 2004D-Von Dudley
81.8%
December 7 2004Rey Mysterio
81.8%
February 20 2005Rey Mysterio
81.8%
December 13 2005Rey Mysterio
81.8%
November 13 2007The Miz
81.8%
September 21 2008Carlito
81.8%
December 13 2009Shawn Michaels
81.8%
December 13 2009Triple H
81.8%
February 8 2010The Miz
81.8%
October 24 2010John Cena
81.8%
October 25 2010Heath Slater
81.8%
February 20 2011Heath Slater
81.8%
February 21 2011John Cena
81.8%
February 21 2011The Miz
81.8%
February 21 2011 (2)Heath Slater
81.8%
May 19 2013Roman Reigns
81.8%
November 23 2014Damien Mizdow
81.8%
November 23 2014The Miz
81.8%
January 29 2017Luke Gallows
81.8%
July 15 2018Bo Dallas
81.8%
July 15 2018Curtis Axel
81.8%
December 10 2018Chad Gable
81.8%
July 29 2019Luke Gallows
81.8%
August 28 2007Montel Vontavious Porter
72.7%
November 13 2007John Morrison
72.7%
April 26 2010David Hart Smith
72.7%
April 26 2010Tyson Kidd
72.7%
October 24 2010David Otunga
72.7%
October 25 2010Justin Gabriel
72.7%
February 20 2011Justin Gabriel
72.7%
May 23 2011David Otunga
72.7%
August 22 2011Evan Bourne
72.7%
Date Champions % Correct
January 15 2012Epico
72.7%
April 30 2012R-Truth
72.7%
February 22 2015Tyson Kidd
72.7%
April 8 2018Nicholas
72.7%
February 11 2019Dash Wilder
72.7%
February 11 2019Scott Dawson
72.7%
June 10 2019Dash Wilder
72.7%
June 10 2019Scott Dawson
72.7%
July 6 2004Paul London
63.6%
April 18 2005Joey Mercury
63.6%
October 25 2005Joey Mercury
63.6%
December 27 2005Joey Mercury
63.6%
May 21 2006Paul London
63.6%
September 21 2008Primo
63.6%
January 15 2012Primo
63.6%
October 14 2013Goldust
63.6%
September 21 2014Goldust
63.6%
June 14 2015Darren Young
63.6%
June 14 2015Titus O'Neil
63.6%
April 20 2004Rico
54.5%
December 13 2005Batista
54.5%
July 20 2008Zack Ryder
54.5%
April 7 2019Zack Ryder
54.5%
May 18 2003Tajiri
45.5%
July 6 2004Billy Kidman
45.5%
December 7 2004Rob Van Dam
45.5%
April 18 2005Johnny Nitro
45.5%
October 25 2005Johnny Nitro
45.5%
December 27 2005Johnny Nitro
45.5%
May 21 2006Brian Kendrick
45.5%
July 20 2008Curt Hawkins
45.5%
December 6 2010Santino Marella
45.5%
April 7 2019Curt Hawkins
45.5%
October 21 2003Danny Basham
36.4%
October 21 2003Doug Basham
36.4%
February 3 2004Rikishi
36.4%
September 7 2004Rene Dupree
36.4%
January 11 2005Danny Basham
36.4%
January 11 2005Doug Basham
36.4%
July 24 2005Animal
36.4%
December 6 2010Vladimir Kozlov
36.4%
November 5 2018Akam
36.4%
November 5 2018Rezar
36.4%
February 3 2004Scotty 2 Hotty
27.3%
September 7 2004Kenzo Suzuki
27.3%
July 24 2005Heidenreich
27.3%
April 17 2007Deuce
18.2%
April 17 2007Domino
18.2%
February 21 2011 (2)Justin Gabriel
9.1%
May 23 2011Michael McGilliculty
9.1%
October 14 2019Erik
0%
October 14 2019Ivar
0%

You're not logged in!

Compare scores with friends on all Sporcle quizzes.
OR
Log In

Sporcle TV

Today on Sporcle TV


Watch our educational content, quiz creation guides, and fun videos on Sporcle TV.

Show Comments

Extras

Created Sep 26, 2019ReportNominate
Tags:champion, date, event, raw, tag, Tag Team, team

Top Quizzes Today


Score Distribution

Your Account Isn't Verified!

In order to create a playlist on Sporcle, you need to verify the email address you used during registration. Go to your Sporcle Settings to finish the process.

Report this User

Report this user for behavior that violates our Community Guidelines.

Details: